Úvahy o svetonázore z pohľadu inžiniera /

Uložené v:
Podrobná bibliografia
Hlavný autor: Stodola, Aurel, 1859-1942 (Author)
Ďalší autori: Vranská Rojková, Iva, 1963- (Translator), Ballo, Peter (Translator)
Médium: Kniha
Jazyk:Slovak
German
Vydané: [Nitra] : izkona, [2025].
Vydanie:Prvé vydanie
Témy:
ISBN: 9788069189003
Fyzický popis: 238 strán : noty ; 21 cm.
Tagy: Pridať tag
Žiadne tagy, Buďte prvý kto otaguje tento záznam!

MARC

LEADER 00000nam a2200000 i 4500
001 000747430
005 20260327123813.0
008 260309s2025 xo g g 000 0 slo d
FMT
020 |a 9788069189003  |q (viazané) 
040 |a SVKKK  |b slo  |c SVKKK  |e rda 
041 1 |a slo  |h ger 
044 |a xo  |c SK 
072 7 |a 62  |x Technika všeobecne  |2 konspekt 
080 |a 62  |2 2011 
080 |a 101  |2 2011 
080 |a 001-051  |2 2011 
080 |a (0:82-4)  |2 2011 
100 1 |a Stodola, Aurel,  |d 1859-1942  |4 aut 
240 1 0 |a Gedanken zu einer Weltanschaung vom Standpunkte des Ingenieurs.  |l Slovensky 
245 1 0 |a Úvahy o svetonázore z pohľadu inžiniera /  |c Aurel Stodola ; z nemeckého originálu Gedanken zu einer Weltanschaung vom Standpunkte des Ingenieurs ... preložil Peter Ballo ; básne preložila Iva Vranská Rojková. 
250 |a Prvé vydanie 
264 1 |a [Nitra] :  |b izkona,  |c [2025]. 
264 4 |c ©2025 
300 |a 238 strán :  |b noty ;  |c 21 cm. 
336 |a text  |b txt  |2 rdacontent 
337 |a bez média  |b n  |2 rdamedia 
338 |a zväzok  |b nc  |2 rdacarrier 
504 |a Obsahuje poznámky pod čiarou 
650 0 7 |a technika  |x filozofické aspekty  |2 SVKKKPH 
650 0 7 |a vedci  |2 SVKKKPH 
650 0 7 |a technology  |x philosophical aspects  |2 SVKKKPHeng 
650 0 7 |a scientists  |2 SVKKKPHeng 
655 7 |a úvahy  |2 SVKKKPH 
655 7 |a essays  |2 SVKKKPHeng 
700 1 |a Vranská Rojková, Iva,  |d 1963-  |4 trl 
700 1 |a Ballo, Peter  |4 trl 
910 |a svkkk 
919 |a 978-80-69189-00-3 
998 |a BK 
OWN
Z30 1 |l SCK01  |l SCK01  |m BOOK  |1 SCKHL  |2 SK2  |b Sklad Hlavná 10 prízemie  |3 III.259715  |6 1136303  |q 20260317  |5 2721281733  |8 20260309  |g EMPTYKNIHA  |f 20  |s Povinný výt.  |g 000178776  |p PP  |z 14.15  |t 00000000  |u 0000  |w 000747430  |x 000010  |r D  |r 000 
a02 0 |a 9788069189003 
090 |g SCKHL  |k Sklad Hlavná 10 prízemie  |a III.259715  |j 1136303  |i 2721281733  |s Povinný výt.  |r 000